The Fault in our stars / (Record no. 617401)

000 -LEADER
fixed length control field 00345nam a22001457a 4500
020 ## - INTERNATIONAL STANDARD BOOK NUMBER
International Standard Book Number 9780141345659
040 ## - CATALOGING SOURCE
Transcribing agency NUST
082 ## - DEWEY DECIMAL CLASSIFICATION NUMBER
Classification number 813.6,GRE
100 ## - MAIN ENTRY--PERSONAL NAME
Personal name Green, John
9 (RLIN) 9895
245 ## - TITLE STATEMENT
Title The Fault in our stars /
Statement of responsibility, etc. John Green
260 ## - PUBLICATION, DISTRIBUTION, ETC.
Place of publication, distribution, etc. USA
Name of publisher, distributor, etc. Penguin
Date of publication, distribution, etc. 2012
300 ## - PHYSICAL DESCRIPTION
Extent 315 p.;
650 ## - SUBJECT ADDED ENTRY--TOPICAL TERM
Topical term or geographic name entry element Novel
9 (RLIN) 2525
942 ## - ADDED ENTRY ELEMENTS (KOHA)
Source of classification or shelving scheme
Koha item type Fiction
Call number prefix 813.6,GRE
Holdings
Withdrawn status Lost status Source of classification or shelving scheme Damaged status Not for loan Permanent Location Current Location Shelving location Date acquired Total Checkouts Full call number Barcode Date last seen Price effective from Koha item type
          Military College of Signals (MCS) Military College of Signals (MCS) General Stacks 05/12/2026   813.6,GRE MCS39003 05/12/2026 05/12/2026 Fiction
© 2023 Central Library, National University of Sciences and Technology. All Rights Reserved.